Formule 1 2020 : Quel pilote ? - Statistiques

Statistiques générales
  • Ce quiz a été pris 1 769 fois
  • Le résultat moyen est 8 sur 23
Statistiques - réponses
Quel pilote... Pilotes % Correct
a obtenu sa première victoire à Monza ? Pierre Gasly
93%
est le plus âgé de la grille ? Kimi Raikkonen
76%
emmène son chien Roscoe dans tous ses grands prix ? Lewis Hamilton
57%
n'a marqué absolument aucun point sur les 17 Grand Prix ? Nicholas Latifi
52%
est le vice-champion du monde cette année ? Valtteri Bottas
52%
a obtenu sa première pole ? Lance Stroll
46%
cédera sa place à un japonais la saison prochaine ? Daniil Kvyat
42%
a comme sponsor BWT ? Sergio Perez
42%
a marqué des points pour une écurie qui n'est pas la sienne ? George Russell
41%
a Jack'n Jones comme sponsor ? Kevin Magnussen
36%
a profité d'une pénalité d'Hamilton pour marquer son premier podium ? Lando Norris
36%
termine sa saison avec 1 pole et 2 victoires ? Max Verstappen
36%
a été le seul brésilien à concourir cette année ? Pietro Fittipaldi
36%
finit 6éme du classement des pilotes ? Carlos Sainz
27%
est de la même nationalité que son écurie ? Esteban Ocon
25%
termine sa cinquième et derniére saison dans son écurie avec 1 seul podium ? Sebastian Vettel
23%
va entamer sa quatrième année en F1, la troisième avec la même écurie ? Charles Leclerc
22%
a été élu pilote du jour du Grand Prix de Bahreïn ? Romain Grosjean
18%
a obtenu 2 podiums de plus qu'en 2019 ? Daniel Ricciardo
15%
arbore le numéro 89 ? Jack Aitken
12%
a obtenu un peu moins de la moitié des points de son coéquipier ? Alexander Albon
11%
a marqué 1 point de moins que les pilotes Williams, Haas et Alfa Roméo réunis ? Nico Hulkenberg
10%
a obtenu le même nombre de points que son coéquipier cette saison ? Antonio Giovinazzi
9%
Aucun quiz correspondant
Distribution des résultats
% des personnes avec chaque résultat
Percentile par nombre de réponses
Votre historique - résultats
Vous n’avez pas pris ce quiz